000 00517nam a2200205Ia 4500
005 20250923145105.0
008 008 250917s9999 xx 000 0 eng d
037 _aTextual
040 _aDSWL
_beng
_cDSWL
041 _aeng
_2eng
084 _qDSWL
245 0 _aCaste and Race
_cEd.by A.De Reuck
260 _aLondon
_bC & A Churchill Ltd.
_c1967
300 _axvi,302,15 p.
365 _aINR
_b60
700 _aJ. Knight
_9831688
925 _g60
942 _cTEXL
999 _c1446959
_d1446959